000 01990nam0a2200361 4500
001 RU\NLR\bibl\1924688
005 20260408204603.0
010 _a978-5-94652-358-5
021 _aRU
_b2012-45852
_93373
035 _a(nilc)RSL-KNO-005455782
035 _a(NLR Aleph) 001914108
090 _a3216427
_c3216427
100 _a20120627d2011 |||y0rusy50 ca
101 0 _arus
102 _aRU
105 _ay |||||||||
200 1 _aИнновации в управлении: проблемы теории и практики
_eсборник трудов Международной научно-практической конференции факультета менеджмента, 22-23 марта 2011 года
_fНац. исслед. ун-т "Высш. шк. экономики" в Санкт-Петербурге, Фак. менеджмента
210 _aСанкт-Петербург
_cНИУ ВШЭ-СПб
_d2011
215 _a215 с.
_cил., табл.
_d21
320 _aБиблиогр. в конце ст.
606 1 _aНововведения управленческие
_jСъезды, совещания и т.п.
_91717482
_3RU\NLR\auth\66766156
606 _aУправление
_xКадры
_xПодготовка
_xИнновации
_jСъезды, совещания и т.п.
_3RU\NLR\AUTH\661576968
_92106292
686 1 _aУ21(0)2я431
686 1 _aЧ489.381.2я431
711 0 2 _a"Высшая школа экономики", национальный исследовательский университет
_cМосква
_bСанкт-Петербургский филиал
_bФакультет менеджмента
_bМеждународная научно-практическая конференция
_f2011
_3RU\NLR\AUTH\8810228891
_9342626
801 0 _aRU
_bRuMoRKP
_c20120627
_grcr
801 1 _aRU
_bРГБ
_c20120627
801 2 _aRU
_bNLR
_c20120716
_grcr
942 _cBOOK
980 _aNBR
980 _aNB